| 000 | 00418cam a22001337a 4500 | ||
|---|---|---|---|
| 008 | 180718b1975 xxu||||| |||| 00| 0 eng d | ||
| 020 | _a0210406518 | ||
| 082 | _aA99 Sh86 J776 c.2 | ||
| 100 | _aJoshi, Arun | ||
| 245 |
_aLala Shri Ram: a study in entrepreneurship and industrial management _cby Arun Joshi |
||
| 260 |
_aNew Delhi _bShri Ram Memorial Foundation _c1975 |
||
| 300 | _a432p | ||
| 650 | _aShri Ram, 1884-1963. | ||
| 999 |
_c494705 _d494705 |
||